| 000 | 00446 a2200181 4500 | ||
|---|---|---|---|
| 001 | 79071 | ||
| 020 | _a9780070091917 | ||
| 082 | _a330 MCC | ||
| 090 |
_c39555 _d39555 |
||
| 100 | _aMcConnell :Brue :Flynn | ||
| 245 |
_aEconomics 18th/Ed _cMcConnell :Brue :Flynn _hEnglish |
||
| 250 | _a18 th | ||
| 260 |
_aBoston _bMcGraw Hill _c2009 |
||
| 300 | _axxxi | ||
| 500 | _aDOS BS Reference Books | ||
| 505 | _aAHQ Books | ||
| 600 | _aEconomics | ||
| 942 |
_acaenust _k330 MCC _cBS |
||
| 999 |
_c314144 _d314144 |
||